Statistics for Biggest Cities in the Holy Roman Empire in 1648 with a Map

Click here to take the quiz!

General Stats

  • This quiz has been taken 423 times
  • The average score is 32 of 57

Answers on the Map

Answers color-coded by a green-red scale on the quiz's map according to % correct below.
 

Answer Stats

PopulationCities% Correct
53kHamburg
98%
54kPrague
98%
75kVienna
98%
20kMunich
96%
23kBerlin
95%
63kBrussels
95%
40kCologne
91%
24kFrankfurt am Main
90%
56kAntwerp
89%
11kFrankfurt an der Oder
88%
24kBremen
87%
22kDresden
86%
18kLeipzig
84%
25kStraßburg
84%
40kNuremberg
82%
11kSalzburg
81%
11kStuttgart
79%
23kLübeck
77%
31kBruges
75%
40kGhent
75%
45kLille
75%
40kBreslau
74%
37kLiège
74%
19kAachen
70%
32kAugsburg
68%
13kGraz
67%
18kMainz
64%
11kRostock
63%
11kStettin
61%
14kUlm
57%
20kRegensburg
55%
11kDunkirk
49%
18kErfurt
47%
16kBraunschweig
45%
10kNamur
42%
12kNancy
42%
12kWürzburg
38%
12kBesançon
37%
12kLüneburg
30%
12kStralsund
30%
11kLeuven
28%
15kMons
28%
11kBamberg
26%
10kOlmütz
25%
12kCambrai
24%
12kEmden
24%
10kFreiberg
22%
24kTournai
22%
17kArras
21%
10kKortrijk
18%
15kMechelen
18%
17kValenciennes
18%
12kDouai
13%
11kSaint-Omer
11%
11kKuttenberg
8%
11kHalberstadt
7%
10kLokeren
6%

Score Distribution

Percentile by Number Answered

Percent of People with Each Score

Your Score History

You have not taken this quiz